Tìm hiểu tác động của nhà máy gạch Tuynen Khánh Thượng - Yên Mô - Ninh Bình đến môi trường khu vực.

Tổng quan điện bàn nghiên cứu ...Tác động của nhà máy gạch Tuynen Khánh Thượng- Yên Mô- Ninh Bình đến môi trường khu vực...Các biện pháp phòng ngừa,giảm thiểu, và khắc phục ô nhiễm môi trường...

Spremljeno u:
Bibliografski detalji
Glavni autor: Vũ Nguyễn Du
Daljnji autori: Lê Thị Thanh Hương hướng dẫn (Savjetnik disertacije)
Format: Knjiga
Jezik:Vietnamese
Izdano: Đại học Sư Phạm Đại học Đà Nẵng 2010
Teme:
Oznake: Dodaj oznaku
Bez oznaka, Budi prvi tko označuje ovaj zapis!
Thư viện lưu trữ: Mạng thư viện Đại học Đà Nẵng
LEADER 01288nam a2200301 4500
001 000010847
003 7067
005 20111222141250.0
008 111222s2010 viesd
041 |a vie 
072 |a Khóa luận tốt nghiệp 
082 |a 363.7392  |b VU-D 
100 1 |a Vũ Nguyễn Du 
245 1 |a Tìm hiểu tác động của nhà máy gạch Tuynen Khánh Thượng - Yên Mô - Ninh Bình đến môi trường khu vực.  |c Vũ Nguyễn Du 
260 |a Đại học Sư Phạm  |b Đại học Đà Nẵng  |c 2010 
300 |a 45 tr  |b hình ảnh  |c 29 cm 
500 |a Khóa luận tốt nghiệp 
520 |a Tổng quan điện bàn nghiên cứu ...Tác động của nhà máy gạch Tuynen Khánh Thượng- Yên Mô- Ninh Bình đến môi trường khu vực...Các biện pháp phòng ngừa,giảm thiểu, và khắc phục ô nhiễm môi trường... 
653 |a môi trường khu vực  |a nhà máy gạch Tuynen Khánh Thượng- Yên Mô- Ninh Bình 
700 |a Lê Thị Thanh Hương  |c hướng dẫn  |e Th.S 
OWN |a LSP 
999 |a From the UDN01 
TYP |a Monograph 
TYP |a Printed language 
980 |a Mạng thư viện Đại học Đà Nẵng